<?xml version="1.0" encoding="UTF-8"?>
<record
    xmlns:xsi="http://www.w3.org/2001/XMLSchema-instance"
    xsi:schemaLocation="http://www.loc.gov/MARC21/slim http://www.loc.gov/standards/marcxml/schema/MARC21slim.xsd"
    xmlns="http://www.loc.gov/MARC21/slim">

  <leader>00760nam a2200217 a 4500</leader>
  <controlfield tag="001">39243</controlfield>
  <controlfield tag="003">BD-RjUL</controlfield>
  <controlfield tag="005">20240303121518.0</controlfield>
  <controlfield tag="008">240302s1966    pk ||||e |||| 00| 0 urd d</controlfield>
  <datafield tag="035" ind1=" " ind2=" ">
    <subfield code="a">(BD-RjUL) 39243</subfield>
  </datafield>
  <datafield tag="040" ind1=" " ind2=" ">
    <subfield code="a">BD-RjUL</subfield>
    <subfield code="b">urd</subfield>
    <subfield code="c">BD-RjUL</subfield>
  </datafield>
  <datafield tag="041" ind1=" " ind2=" ">
    <subfield code="a">urd</subfield>
  </datafield>
  <datafield tag="041" ind1=" " ind2=" ">
    <subfield code="a">urd</subfield>
  </datafield>
  <datafield tag="082" ind1=" " ind2=" ">
    <subfield code="2">23</subfield>
    <subfield code="a">320.95491</subfield>
    <subfield code="b">LEH 1966</subfield>
  </datafield>
  <datafield tag="100" ind1=" " ind2=" ">
    <subfield code="a">Batalvi, Ashiq Hussain  ;;  &#x628;&#x679;&#x627;&#x644;&#x648;&#x6CC;&#x60C; &#x639;&#x627;&#x634;&#x642; &#x62D;&#x633;&#x6CC;&#x646;</subfield>
    <subfield code="9">121008</subfield>
  </datafield>
  <datafield tag="245" ind1="1" ind2="0">
    <subfield code="a">&#x6C1;&#x645;&#x627;&#x631;&#x6CC; &#x642;&#x648;&#x645;&#x6CC; &#x62C;&#x62F;&#x648;&#x62C;&#x6C1;&#x62F; : &#x1E24;am&#x101;r&#x12B; qoum&#x12B; jid o jahad /</subfield>
    <subfield code="c"> &#x639;&#x627;&#x634;&#x642; &#x62D;&#x633;&#x6CC;&#x646; &#x628;&#x679;&#x627;&#x644;&#x648;&#x6CC; : &#x312;&#x100;shiq &#x1E24;usain Ba&#x1E6D;&#x101;lv&#x12B; </subfield>
  </datafield>
  <datafield tag="260" ind1=" " ind2=" ">
    <subfield code="a"> &#x644;&#x627;&#x6C1;&#x648;&#x631; : L&#x101;haur : </subfield>
    <subfield code="b">&#x686;&#x648;&#x6A9; &#x627;&#x646;&#x627;&#x631;&#x6A9;&#x644;&#x6CC;: Chowk Anarkali ,</subfield>
    <subfield code="c">1966</subfield>
  </datafield>
  <datafield tag="300" ind1=" " ind2=" ">
    <subfield code="a">303 p.; </subfield>
    <subfield code="c">22 cm</subfield>
  </datafield>
  <datafield tag="650" ind1=" " ind2=" ">
    <subfield code="a">Politics and government</subfield>
    <subfield code="z">Pakistan</subfield>
    <subfield code="9">12020</subfield>
  </datafield>
  <datafield tag="942" ind1=" " ind2=" ">
    <subfield code="2">ddc</subfield>
    <subfield code="c">BK</subfield>
  </datafield>
  <datafield tag="999" ind1=" " ind2=" ">
    <subfield code="c">39243</subfield>
    <subfield code="d">39243</subfield>
  </datafield>
  <datafield tag="952" ind1=" " ind2=" ">
    <subfield code="0">0</subfield>
    <subfield code="1">0</subfield>
    <subfield code="2">ddc</subfield>
    <subfield code="4">0</subfield>
    <subfield code="7">1</subfield>
    <subfield code="8">NFIC</subfield>
    <subfield code="a">RUCL</subfield>
    <subfield code="b">RUCL</subfield>
    <subfield code="c">Reading</subfield>
    <subfield code="d">1964-09-18</subfield>
    <subfield code="e">Book Centre</subfield>
    <subfield code="g">15.00</subfield>
    <subfield code="l">0</subfield>
    <subfield code="o">U 320.95491 LEH 1966</subfield>
    <subfield code="r">2024-03-03 00:00:00</subfield>
    <subfield code="t">C-1</subfield>
    <subfield code="w">2024-03-03</subfield>
    <subfield code="y">BK</subfield>
  </datafield>
  <datafield tag="952" ind1=" " ind2=" ">
    <subfield code="0">0</subfield>
    <subfield code="1">0</subfield>
    <subfield code="2">ddc</subfield>
    <subfield code="4">0</subfield>
    <subfield code="7">0</subfield>
    <subfield code="8">NFIC</subfield>
    <subfield code="a">RUCL</subfield>
    <subfield code="b">RUCL</subfield>
    <subfield code="c">GEN</subfield>
    <subfield code="d">1969-09-18</subfield>
    <subfield code="e">Book Centre;     Karachi</subfield>
    <subfield code="g">15.00</subfield>
    <subfield code="l">0</subfield>
    <subfield code="o">U 320.95491 LEH 1966</subfield>
    <subfield code="r">2024-03-11 00:00:00</subfield>
    <subfield code="t">C-2</subfield>
    <subfield code="w">2024-03-11</subfield>
    <subfield code="y">BK</subfield>
  </datafield>
</record>
